| 000 | 01076aam a2200349 i 4500 | ||
|---|---|---|---|
| 999 |
_c827 _d827 |
||
| 001 | 018636603 | ||
| 003 | Uk | ||
| 005 | 20191223085251.0 | ||
| 008 | 180307r20182003stka j 000 1 eng c | ||
| 015 |
_aGBB7N3260 _2bnb |
||
| 016 | 7 |
_a018636603 _2Uk |
|
| 020 | _a9781781127162 (pbk.) : | ||
| 035 | _a(StEdNL)10593660 | ||
| 040 |
_aStDuBDS _beng _cStDuBDS _dStEdNL _dUk _erda |
||
| 042 | _aukscp | ||
| 082 | _aFIC STE | ||
| 100 | 1 |
_aStewart, Paul, _d1955- _eauthor. |
|
| 245 | 1 | 0 |
_aFree Lance and the dragon's hoard / _cPaul Stewart, Chris Riddell. |
| 264 | 1 |
_aEdinburgh : _bBarrington Stoke, _c2018. |
|
| 300 |
_a112 pages : _billustrations ; _c20 cm |
||
| 336 |
_atext _2rdacontent |
||
| 337 |
_aunmediated _2rdamedia |
||
| 338 |
_avolume _2rdacarrier |
||
| 440 | _aFree Lance series | ||
| 500 | _aFirst published: London : Hodder & Stoughton Ltd, 2003. | ||
| 500 |
_aFormerly CIP. _5Uk |
||
| 500 | _aDyslexia-friendly features | ||
| 655 | 0 | _aFantasy fiction. | |
| 655 | 0 | _aChildren's stories. | |
| 700 | 1 |
_aRiddell, Chris, _eauthor, _eillustrator. |
|
| 942 |
_2ddc _cFIC |
||